00452nam a2200157Ia 4500008004100000020001500041082001500056100002500071245003400096250000700130260004200137300002500179500001900204600002100223650005000244240925s9999 xx 000 0 und d a8178082942 a005.44 TAN aTanenbaum, Andrew S. 0aDistributed Operating Systems aNA aSingapore:bPearson educationc,2001. ax,852p.bNAfPirated aIncludes Index aComputer Science aComputer science, information & general works